Zadači poiska

Salvato in:
Dettagli Bibliografici
Autori principali: Ahlswede, Rudolf (Autore), Wegener, Ingo (Autore)
Natura: Libro
Lingua:russo
Pubblicazione: Moskva : Mir, 1982
Edizione:Per. s nem.
Tags: Aggiungi Tag
Nessun Tag, puoi essere il primo ad aggiungerne!!

MARC

LEADER 00000nam a22000003a 4500
001 stu124949
005 20150617225904.2
008 060823s1982----xxr-----------------rus-d
040 |a STU  |b slo 
041 0 |a rus 
044 |a xxr 
080 |a 519.1/.2 
100 1 |a Ahlswede, Rudolf  |4 aut 
242 0 0 |a Suchprobleme 
245 1 |a Zadači poiska 
250 |a Per. s nem. 
260 |a Moskva :  |b Mir,  |c 1982 
300 |a 367 s 
700 1 |a Wegener, Ingo  |4 aut 
996 |b E51056  |c E*51056  |l EE22  |s P  |a 0  |w stu124949_0003